00671nam#a22002055ar4500001000400000008004100004245005300045250001200098260003500110300002100145100002300166653001100189040002300200005001700223003000900240942000700249999001300256980005500269952014100324111051109s2007####ag#####g|####o||0#|#spa|d14aLos árboles mueren de pie /cAlejandro Casona. a1ª ed. aBuenos Aires :bLosada,c2007. a160 p. ;c15 cm.1 aCasona, Alejandro. aTeatro aAR-ClEAGcAR-ClEAG20241107184625.0AR-ClEAG cBK c111d111 62aEvangelina Gallicchio82gEvangelina Gallicchio 00102udc4070aEACbEACcROSSd2024-11-07i471l0oR07 342.4(821.6)[constitucion] A69 1 Ej.1p471r2024-11-07 18:46:25w2024-11-07yBK